00000000cam 2200000zi 4500
0019.958275
003CaOODSP
00520251212155424
006m     o  d f      
007cr |n|||||||||
008251212s1927    bccda   ob   f|0| 0 eng d
040 |aCaOODSP|beng|erda|cCaOODSP
043 |an-cn---
0861 |aFs52-5/14-1927E-PDF
1001 |aBrocklesby, H. N., |eauthor.
24514|aThe determination of the vitamin A content of the liver oil of the Dog-fish, Squalus sucklii (Girard) / |cHorace N. Brocklesby.
264 1|aPrince Rupert : |bBiological Board of Canada, |c1927.
300 |a1 online resource (9, [12] pages) : |bcharts, illustrations.
336 |atext|btxt|2rdacontent
337 |acomputer|bc|2rdamedia
338 |aonline resource|bcr|2rdacarrier
4901 |aManuscript reports of the experimental stations ; |vno. 14
500 |aDigitized edition from print [produced by Department of Fisheries and Oceans].
504 |aIncludes bibliographical references (page 9).
650 0|aFish oils|xComposition.
650 0|aDogfish.
650 0|aVitamin A.
650 6|aHuiles de poisson|xComposition.
650 6|aChiens de mer.
650 6|aVitamine A.
7102 |aBiological Board of Canada, |eissuing body.
830#0|aManuscript reports of the experimental stations ;|vno. 14.|w(CaOODSP)9.948621
85640|qPDF|s9.65 MB|uhttps://publications.gc.ca/collections/collection_2025/mpo-dfo/fs52-5/Fs52-5-14-1927-eng.pdf